| 000 | 00873cam a22002291i 4500 | ||
|---|---|---|---|
| 001 | e 15001807 | ||
| 003 | DLC | ||
| 005 | 20260227111204.0 | ||
| 008 | 780417s1915 fr 100 0 fre c | ||
| 010 | _ae 15001807 | ||
| 035 | _a(OCoLC)3805460 | ||
| 040 |
_aLibrary, U. S. Bur. of Education _cDNIE _dDLC |
||
| 042 | _apremarc | ||
| 050 | 0 | 0 |
_aD639.E45 _bB8 |
| 100 | 1 |
_aBuisson, F. E. _q(Ferdinand Edouard), _d1841-1932. |
|
| 245 | 1 | 3 |
_aLa France et l'école : _bpendant la guerre--après la guerre : Conférence faite à la Ligue de l'enseignement / _cpar M. Ferdinand Buisson ; sous la présidence de M. paul Deschanel. |
| 260 |
_a[Paris] : _bComité du secours national, _c[1915] |
||
| 300 | _a32 p. | ||
| 500 | _a"Conférence faite le lundi 29 mars, 1915, à la Ligue de l'enseignement."--p. [5] | ||
| 650 | 0 |
_aEducation _zFrance. |
|
| 650 | 0 | _aWorld War, 1914-1918. | |
| 999 |
_c19863 _d19863 |
||